000 00551nam a2200205Ia 4500
001 63998
008 150109s9999 xx 000 0 und d
020 _a9780205249350
040 _cPK-LaUMT
082 _a 155.8
_bSHI-C
100 _aShiraev, Eric B.
245 _aCross-cultural psychology
_bcritical thinking and contemporary applications
_cShiraev, Eric B.|Levy, David A.
250 _a5th
260 _aBoston,USA:
_bPearson,
_c2013
300 _a375 p.
546 _aEN
650 _aPsychology
700 _aLevy, David A.
942 _cBK
999 _c64652
_d64652